[Event "FIDE World Bl Team Pool C"]
[Site "London ENG"]
[Date "2025.06.14"]
[Round "4.1"]
[White "Pichot, Alan"]
[Black "Momunaliev, Ruslan"]
[Result "1-0"]
[WhiteTitle "GM"]
[BlackTitle "CM"]
[WhiteElo "2588"]
[BlackElo "2214"]
[WhiteTeam "Duobeniajan Costa Calida ESJ"]
[BlackTeam "Youth KG"]
[WhiteFideId "110973"]
[BlackFideId "13812211"]
[EventDate "2025.06.14"]
[EventType "team"]

1. e4 c5 2. Nf3 a6 3. Nc3 b5 4. d4 cxd4 5. Nxd4 Bb7 6. Bd3 e6 7. O-O Qc7 8. Kh1
Nc6 9. Nxc6 Qxc6 10. Qe2 Nf6 11. f3 Bb4 12. Bd2 O-O 13. e5 Bxc3 14. Bxc3 Nd5 15.
Bd2 d6 16. Qe4 g6 17. Rae1 dxe5 18. Qxe5 Qc7 19. Qd4 Qb6 20. Qh4 f6 21. a4 Rae8
22. axb5 axb5 23. Ra1 e5 24. Qf2 Qxf2 25. Rxf2 Ra8 26. Rff1 Bc6 27. Kg1 Kf7 28.
Kf2 Ke6 29. b3 Nc7 30. Bb4 Rxa1 31. Rxa1 Ra8 32. Rxa8 Nxa8 33. Ba5 Kd7 34. g4
Nc7 35. h4 Ne6 36. Ke3 Nf4 37. Bf1 Nd5+ 38. Kd2 Nf4 39. Ke3 Nd5+ 40. Kf2 f5 41.
gxf5 gxf5 42. Bd2 Ke6 43. c4 bxc4 44. Bxc4 Kd6 45. b4 Bd7 46. h5 e4 47. h6 Ke5
48. b5 Kd4 49. Bxd5 Kxd5 50. b6 exf3 51. b7 1-0

[Event "FIDE World Bl Team Pool C"]
[Site "London ENG"]
[Date "2025.06.14"]
[Round "4.2"]
[White "Beknazarov, Emir"]
[Black "Ibarra Jerez, Jose Carlos"]
[Result "0-1"]
[BlackTitle "GM"]
[WhiteElo "1878"]
[BlackElo "2545"]
[WhiteTeam "Youth KG"]
[BlackTeam "Duobeniajan Costa Calida ESJ"]
[WhiteFideId "13816063"]
[BlackFideId "2226332"]
[EventDate "2025.06.14"]
[EventType "team"]

1. e4 c5 2. Nc3 Nc6 3. f4 e6 4. Nf3 d5 5. Bb5 Ne7 6. exd5 exd5 7. Qe2 g6 8. Qe5
Rg8 9. Bxc6+ bxc6 10. d3 Bg7 11. Qe2 Bg4 12. O-O Rb8 13. Re1 Kf8 14. h3 Bxf3 15.
Qxf3 Nf5 16. Kh2 Qd6 17. g4 Nd4 18. Qf2 Bf6 19. Rb1 Bh4 20. Qe3 Bxe1 21. Ne2 Re8 0-1

[Event "FIDE World Bl Team Pool C"]
[Site "London ENG"]
[Date "2025.06.14"]
[Round "4.3"]
[White "Cuenca Jimenez, Jose Fernando"]
[Black "Kurbanbaev, Zalkar"]
[Result "1-0"]
[WhiteTitle "GM"]
[WhiteElo "2487"]
[BlackElo "2119"]
[WhiteTeam "Duobeniajan Costa Calida ESJ"]
[BlackTeam "Youth KG"]
[WhiteFideId "2255570"]
[BlackFideId "13808524"]
[EventDate "2025.06.14"]
[EventType "team"]

1. d4 Nf6 2. Bf4 g6 3. Nc3 d5 4. e3 Bg7 5. h4 h5 6. Nb5 Na6 7. Nc3 Nb8 8. Nb5
Na6 9. Nf3 O-O 10. Be2 Ne4 11. a4 Bg4 12. c3 c6 13. Na3 Nc7 14. Ne5 Bxe2 15.
Qxe2 Ne6 16. Bh2 c5 17. g4 Nf6 18. Rg1 cxd4 19. exd4 Qc8 20. f3 a6 21. a5 Kh7
22. Nc2 hxg4 23. fxg4 Ne4 24. Ne3 Qd8 25. g5 Bxe5 26. Bxe5 f6 27. gxf6 Nxf6 28.
Qg2 Rg8 29. Bxf6 exf6 30. Nxd5 f5 31. O-O-O Qxa5 32. Kb1 Raf8 33. Rde1 Ng7 1-0

[Event "FIDE World Bl Team Pool C"]
[Site "London ENG"]
[Date "2025.06.14"]
[Round "4.4"]
[White "Keneshbekov, Elim"]
[Black "Camacho Collados, Marcos"]
[Result "0-1"]
[WhiteTitle "CM"]
[BlackTitle "IM"]
[WhiteElo "1883"]
[BlackElo "2462"]
[WhiteTeam "Youth KG"]
[BlackTeam "Duobeniajan Costa Calida ESJ"]
[WhiteFideId "13816772"]
[BlackFideId "2266237"]
[EventDate "2025.06.14"]
[EventType "team"]

1. e4 d6 2. d4 g6 3. Nc3 Bg7 4. f4 a6 5. Nf3 b5 6. Bd3 Bb7 7. O-O b4 8. Ne2 Nf6
9. e5 Nd5 10. c4 bxc3 11. bxc3 O-O 12. Rb1 Nb6 13. Ng3 Nc6 14. Qe2 Na5 15. e6 f5
16. Bd2 Bd5 17. Rfc1 Nac4 18. Re1 Rf6 19. Qf2 Rxe6 20. Rxe6 Bxe6 21. Re1 Bd5 22.
h4 Bxf3 23. gxf3 d5 24. h5 Qd7 25. Bc1 a5 26. Qg2 Kf7 27. Qh3 e6 28. Qg2 Bf6 29.
Qe2 Rg8 30. h6 Rb8 31. Nh1 Qe7 32. Nf2 Bh4 33. Rf1 Bxf2+ 34. Qxf2 Nd6 35. Ba3
Qf6 36. Bc5 Nbc4 37. Rb1 Rxb1+ 38. Bxb1 g5 39. Qg3 gxf4 40. Qxf4 Qg6+ 41. Kf2
Qh5 42. Bd3 Qh1 43. Qg5 Qh2+ 44. Ke1 Qh1+ 45. Kf2 Qh2+ 46. Ke1 Qh1+ 47. Bf1 Ke8
48. Qg7 Qxf3 49. Qxc7 Qg3+ 50. Kd1 Qf3+ 51. Be2 Qh1+ 52. Kc2 Qe4+ 53. Bd3 Qg2+
54. Kb3 Qb2+ 55. Ka4 Qb5# 0-1

[Event "FIDE World Bl Team Pool C"]
[Site "London ENG"]
[Date "2025.06.14"]
[Round "4.5"]
[White "Khotenashvili, Bella"]
[Black "Muradylov, Baiel"]
[Result "1-0"]
[WhiteTitle "GM"]
[WhiteElo "2418"]
[BlackElo "1864"]
[WhiteTeam "Duobeniajan Costa Calida ESJ"]
[BlackTeam "Youth KG"]
[WhiteFideId "13602640"]
[BlackFideId "13821580"]
[EventDate "2025.06.14"]
[EventType "team"]

1. Nf3 Nf6 2. g3 d5 3. Bg2 e6 4. O-O Be7 5. d3 O-O 6. Nbd2 c5 7. e4 Nc6 8. Re1
Qc7 9. c3 dxe4 10. dxe4 e5 11. Qc2 h6 12. Nc4 Be6 13. Ne3 Rfd8 14. Nh4 g6 15.
Nd5 Nxd5 16. exd5 Bxd5 17. Bxd5 Rxd5 18. Nxg6 Bg5 19. Qe4 Rad8 20. Nh4 Ne7 21.
Bxg5 hxg5 22. Nf5 Nxf5 23. Qxf5 Qe7 24. Re2 Kg7 25. Rae1 f6 26. Re4 Qd7 27. Qf3
Rd3 28. R4e3 Rxe3 29. Qxe3 b6 30. Qe4 Qe6 31. a4 Rd7 32. h4 g4 33. Qa8 Rd2 34.
Qxa7+ Rd7 35. Qa8 Qf5 36. Qc6 Rd2 37. Rf1 Rxb2 38. Qc7+ Kg6 39. Qd8 Qe6 40. Rd1
f5 41. Rd6 Rb1+ 42. Kg2 Kf7 43. Rxe6 Kxe6 44. h5 f4 45. gxf4 exf4 46. Qc8+ Kf6
47. Qxg4 Ra1 48. h6 Rxa4 49. Qg7+ Kf5 50. h7 f3+ 51. Kg3 Ra1 52. Qf7+ Ke5 53.
h8=Q+ 1-0

[Event "FIDE World Bl Team Pool C"]
[Site "London ENG"]
[Date "2025.06.14"]
[Round "4.6"]
[White "Sezdbekova, Aizhan"]
[Black "Torres, Lucas"]
[Result "1-0"]
[WhiteTitle "WCM"]
[WhiteElo "1884"]
[BlackElo "1897"]
[WhiteTeam "Youth KG"]
[BlackTeam "Duobeniajan Costa Calida ESJ"]
[WhiteFideId "13803590"]
[BlackFideId "1769464"]
[EventDate "2025.06.14"]
[EventType "team"]

1. e4 e6 2. d4 d5 3. exd5 exd5 4. c4 Nf6 5. Nf3 Bb4+ 6. Nc3 O-O 7. h3 Re8+ 8.
Be3 Bf5 9. Be2 dxc4 10. Bxc4 Nbd7 11. Bxf7+ Kxf7 12. Qb3+ Kf8 13. Qxb4+ Kg8 14.
O-O Nb6 15. Rad1 Nbd5 16. Qb3 Be6 17. Ng5 Qd7 18. Nxe6 Qxe6 19. Rfe1 Qf7 20. Rd2
c6 21. Rde2 Re7 22. Bg5 Rxe2 23. Rxe2 Qh5 24. Bxf6 Qxe2 25. Nxe2 gxf6 26. Qxb7
Re8 27. Nc3 Nf4 28. Qxc6 Re7 29. Qxf6 Ng6 30. d5 Rg7 31. d6 Nf8 32. Ne4 Nd7 33.
Qd8+ Nf8 34. Nf6+ Kf7 35. Qe7+ Kg6 36. Qe5 Kf7 37. Ng4 Nd7 38. Qe7+ Kg8 39. Qd8+
Nf8 40. Nh6+ 1-0

[Event "FIDE World Bl Team Pool C"]
[Site "London ENG"]
[Date "2025.06.14"]
[Round "5.1"]
[White "Tan, Justin2"]
[Black "Abdusattorov, Nodirbek"]
[Result "0-1"]
[WhiteTitle "GM"]
[BlackTitle "GM"]
[WhiteElo "2512"]
[BlackElo "2767"]
[WhiteTeam "Wood Green Youth"]
[BlackTeam "Uzbekistan"]
[WhiteFideId "3206882"]
[BlackFideId "14204118"]
[EventDate "2025.06.14"]
[EventType "team"]

1. Nf3 d5 2. g3 Nc6 3. d4 Bf5 4. Bg2 Nb4 5. Na3 e6 6. Nh4 Bg4 7. c3 Nc6 8. Qb3
Rb8 9. e4 dxe4 10. Bxe4 Bh3 11. Nc4 Be7 12. Bf3 Bxh4 13. gxh4 Nge7 14. Rg1 O-O
15. h5 Nf5 16. Bf4 b5 17. Ne3 Nfxd4 18. cxd4 Nxd4 19. Qd1 Qf6 20. Rg3 Qxf4 21.
Rxh3 Rbd8 22. Bg2 Rd6 23. Rg3 Rfd8 24. Qg4 Qe5 25. Kf1 f5 26. Qg5 h6 27. Qxh6
Qxg3 28. Qxe6+ Nxe6 29. hxg3 f4 30. gxf4 Nxf4 31. Bf3 c5 32. a4 a6 33. axb5 axb5
34. Ra7 Rd2 35. Kg1 Nh3+ 36. Kg2 Rxf2+ 37. Kg3 Rd3 38. Re7 Rxb2 39. Bd5+ Kf8 40.
Re4 Nf2 41. Re5 Nd1 42. Kf4 Rxe3 0-1

[Event "FIDE World Bl Team Pool C"]
[Site "London ENG"]
[Date "2025.06.14"]
[Round "5.2"]
[White "Yakubboev, Nodirbek"]
[Black "Derakhshani, Borna"]
[Result "1-0"]
[WhiteTitle "GM"]
[BlackTitle "FM"]
[WhiteElo "2659"]
[BlackElo "2348"]
[WhiteTeam "Uzbekistan"]
[BlackTeam "Wood Green Youth"]
[WhiteFideId "14203987"]
[BlackFideId "12518450"]
[EventDate "2025.06.14"]
[EventType "team"]

1. e4 c5 2. Nc3 a6 3. g3 Nc6 4. Bg2 b5 5. Nge2 g6 6. d4 cxd4 7. Nxd4 Bb7 8. O-O
Bg7 9. Be3 Rc8 10. a4 b4 11. Nd5 a5 12. Nf5 Kf8 13. Bb6 Qe8 14. Ndxe7 gxf5 15.
Nxc8 Qxc8 16. exf5 Bxb2 17. Qd6+ Kg7 18. Rad1 Nf6 19. g4 Be5 20. Qd2 h6 21. g5
Bxh2+ 22. Kxh2 hxg5+ 23. Kg1 Rh5 24. Rfe1 Qb8 25. Qd6 Qh8 26. Qg3 Ba8 27. f3 Qc8
28. Rd6 Qa6 29. Bd4 Nxd4 30. Rxa6 1-0

[Event "FIDE World Bl Team Pool C"]
[Site "London ENG"]
[Date "2025.06.14"]
[Round "5.3"]
[White "Haydon, David L"]
[Black "Kasimdzhanov, Rustam"]
[Result "1/2-1/2"]
[WhiteTitle "FM"]
[BlackTitle "GM"]
[WhiteElo "2284"]
[BlackElo "2675"]
[WhiteTeam "Wood Green Youth"]
[BlackTeam "Uzbekistan"]
[WhiteFideId "415405"]
[BlackFideId "14200244"]
[EventDate "2025.06.14"]
[EventType "team"]

1. Nf3 d5 2. e3 Nf6 3. c4 c6 4. b3 g6 5. Bb2 Bg7 6. d4 O-O 7. Nc3 Bg4 8. Be2
Nbd7 9. h3 Bxf3 10. Bxf3 e6 11. O-O Qe7 12. Qc2 Rac8 13. a4 Rfe8 14. Rfe1 e5 15.
Ba3 Qe6 16. cxd5 cxd5 17. Qd2 e4 18. Be2 a6 19. Rac1 h5 20. Rc2 Rc6 21. Rec1
Rec8 22. Nd1 Bf8 23. Bxf8 Nxf8 24. Rxc6 Rxc6 25. Rxc6 Qxc6 26. Qc3 Qxc3 27. Nxc3
Ne6 28. h4 Kf8 29. g3 Ke7 30. Kf1 Kd6 31. Ke1 Nd8 32. Kd2 Nc6 33. Na2 Nd7 34.
Kc3 Nf8 35. Nb4 Ne7 36. Na2 Ne6 37. b4 f6 38. Nc1 Ng7 39. Nb3 g5 40. Nc5 Kc7 41.
hxg5 fxg5 42. Bf1 h4 43. gxh4 gxh4 44. Bh3 Ne8 45. Ne6+ Kd6 46. Nd8 b6 47. Nf7+
Kc7 48. Ng5 Ng7 49. Bf1 a5 50. b5 Kd6 51. Bh3 Ng8 52. Nf7+ Kc7 53. Ng5 Ne7 54.
Kd2 Ng8 55. Bf1 1/2-1/2

[Event "FIDE World Bl Team Pool C"]
[Site "London ENG"]
[Date "2025.06.14"]
[Round "5.4"]
[White "Vokhidov, Shamsiddin"]
[Black "Balaji, Aaravamudhan"]
[Result "1-0"]
[WhiteTitle "GM"]
[BlackTitle "IM"]
[WhiteElo "2644"]
[BlackElo "2346"]
[WhiteTeam "Uzbekistan"]
[BlackTeam "Wood Green Youth"]
[WhiteFideId "14204223"]
[BlackFideId "436224"]
[EventDate "2025.06.14"]
[EventType "team"]

1. e4 e5 2. Nf3 Nc6 3. Bb5 a6 4. Ba4 Nf6 5. O-O Be7 6. d3 b5 7. Bb3 O-O 8. a4
Rb8 9. axb5 axb5 10. Nc3 d6 11. h3 h6 12. Be3 Re8 13. Qd2 Bf8 14. Nd5 Nxd5 15.
Bxd5 Ne7 16. Ba7 Nxd5 17. Bxb8 Nf4 18. Ba7 c5 19. Kh2 Qf6 20. Ng1 Qg6 21. f3 Be7
22. g3 Nh5 23. Qf2 Bg5 24. Ne2 Qe6 25. Qg2 Bd8 26. b4 Be7 27. Nc3 Qd7 28. Nd5
Bf8 29. f4 exf4 30. gxf4 f5 31. Bb6 fxe4 32. dxe4 Qf7 33. Ra7 Bb7 34. Qf3 Kh8
35. Rxb7 Qxb7 36. Qxh5 Rxe4 37. Qf5 Re2+ 38. Kg3 Qa8 39. bxc5 dxc5 40. Rf3 b4
41. Re3 Rxe3+ 42. Nxe3 b3 43. cxb3 Qb8 44. Nc4 Be7 45. Qd5 Bg5 46. Qe5 Qa8 47.
fxg5 Qh1 48. Qe8+ Kh7 49. g6# 1-0

[Event "FIDE World Bl Team Pool C"]
[Site "London ENG"]
[Date "2025.06.14"]
[Round "5.5"]
[White "Camp, Imogen A L"]
[Black "Tokhirjonova, Gulrukhbegim"]
[Result "0-1"]
[WhiteTitle "WCM"]
[BlackTitle "IM"]
[WhiteElo "1915"]
[BlackElo "2370"]
[WhiteTeam "Wood Green Youth"]
[BlackTeam "Uzbekistan"]
[WhiteFideId "1802240"]
[BlackFideId "14203626"]
[EventDate "2025.06.14"]
[EventType "team"]

1. d4 Nf6 2. Bf4 d5 3. e3 g6 4. Nf3 Bg7 5. h3 O-O 6. Be2 c5 7. c3 Qb6 8. Qb3 c4
9. Qc2 Bf5 10. Qc1 Nc6 11. Nbd2 Rac8 12. Ne5 Nd7 13. Nxd7 Bxd7 14. e4 e6 15. O-O
Ne7 16. Re1 Bc6 17. e5 Qc7 18. Nf1 b5 19. Bg5 a5 20. f4 b4 21. g4 f6 22. exf6
Bxf6 23. Bh6 Rf7 24. Bf3 Bd7 25. Qe3 Bg7 26. Bg5 Rcf8 27. Kg2 Nc8 28. f5 gxf5
29. Bf4 Qd8 30. g5 Ne7 31. Ng3 0-1

[Event "FIDE World Bl Team Pool C"]
[Site "London ENG"]
[Date "2025.06.14"]
[Round "5.6"]
[White "Imomkuzieva, Nilufarkhon"]
[Black "Ivanov, Elizabeth"]
[Result "1-0"]
[WhiteTitle "WFM"]
[WhiteElo "2066"]
[BlackElo "1738"]
[WhiteTeam "Uzbekistan"]
[BlackTeam "Wood Green Youth"]
[WhiteFideId "14216736"]
[BlackFideId "427284"]
[EventDate "2025.06.14"]
[EventType "team"]

1. e4 d5 2. exd5 Qxd5 3. Nc3 Qd8 4. d4 Nf6 5. Nf3 Bg4 6. Be2 e6 7. h3 Bh5 8. g4
Bg6 9. Ne5 Bb4 10. a3 Bxc3+ 11. bxc3 Nbd7 12. Nxg6 hxg6 13. Bf3 c6 14. Bg2 Nb6
15. Qd3 Qc7 16. Qf3 Nbd5 17. c4 Nb6 18. Bf4 Qd7 19. Qd3 O-O-O 20. O-O-O Qe7 21.
Bh2 Kd7 22. Rhe1 Ke8 23. Qb3 Nfd7 24. d5 cxd5 25. cxd5 e5 26. d6 Qg5+ 27. f4 Qh6
28. Kb1 Kf8 29. fxe5 Qg5 30. Rf1 f6 31. e6 1-0

[Event "FIDE World Bl Team Pool C"]
[Site "London ENG"]
[Date "2025.06.14"]
[Round "5.1"]
[White "Fromm, Marius"]
[Black "Pichot, Alan"]
[Result "0-1"]
[WhiteTitle "IM"]
[BlackTitle "GM"]
[WhiteElo "2444"]
[BlackElo "2588"]
[WhiteTeam "Berlin Chess Federation"]
[BlackTeam "Duobeniajan Costa Calida ESJ"]
[WhiteFideId "12993190"]
[BlackFideId "110973"]
[EventDate "2025.06.14"]
[EventType "team"]

1. e4 e5 2. Nf3 Nc6 3. Bb5 g6 4. c3 a6 5. Ba4 d6 6. d4 Bd7 7. O-O Bg7 8. Re1 Nf6
9. d5 Ne7 10. c4 O-O 11. Nc3 h6 12. h3 Bxa4 13. Nxa4 Nd7 14. Be3 f5 15. Rc1 Nf6
16. Nc3 Qd7 17. b4 f4 18. Bd2 g5 19. c5 g4 20. hxg4 Qxg4 21. Nh2 Qg5 22. Nf3 Qh5
23. Nh2 Qg6 24. a4 Nh7 25. Qg4 Ng5 26. Nf3 Nxf3+ 27. Qxf3 h5 28. Kf1 Rad8 29.
cxd6 cxd6 30. Ke2 Kf7 31. Rh1 Rh8 32. a5 Ng8 33. Na4 Nf6 34. Rc7+ Rd7 35. Rxd7+
Nxd7 36. Rc1 Nf6 37. Rc7+ Kg8 38. Nc3 Kh7 39. Rxb7 Rc8 40. b5 axb5 41. a6 b4 42.
Rxb4 Ra8 43. Ra4 Qe8 44. Qd3 Qc8 45. Qb5 Qg4+ 46. Kf1 f3 47. gxf3 Qxf3 48. Ke1
Ng4 49. Qe2 Qh1+ 50. Qf1 Qh2 51. a7 Bf6 52. Be3 Bh4 53. Bb6 Qf4 54. Kd1 Qf3+ 55.
Kc2 Bxf2 56. Bxf2 Ne3+ 57. Bxe3 Qxf1 58. Bd2 h4 59. Kb3 h3 0-1

[Event "FIDE World Bl Team Pool C"]
[Site "London ENG"]
[Date "2025.06.14"]
[Round "5.2"]
[White "Ibarra Jerez, Jose Carlos"]
[Black "Schneider, Ilja"]
[Result "1-0"]
[WhiteTitle "GM"]
[BlackTitle "IM"]
[WhiteElo "2545"]
[BlackElo "2417"]
[WhiteTeam "Duobeniajan Costa Calida ESJ"]
[BlackTeam "Berlin Chess Federation"]
[WhiteFideId "2226332"]
[BlackFideId "4663306"]
[EventDate "2025.06.14"]
[EventType "team"]

1. e4 e5 2. Nf3 Nc6 3. d4 exd4 4. Nxd4 Bc5 5. Nb3 Bb6 6. Qe2 d6 7. Nc3 a5 8. Nd5
a4 9. Nxb6 cxb6 10. Nd2 Nf6 11. g3 O-O 12. Bg2 d5 13. O-O Re8 14. Qd3 dxe4 15.
Nxe4 Qxd3 16. Nxf6+ gxf6 17. cxd3 Bf5 18. Be3 a3 19. bxa3 Bxd3 20. Rfd1 Bc4 21.
Rd7 Rxa3 22. Rxb7 Ne5 23. Rxb6 Rxa2 24. Rxa2 Bxa2 25. Rxf6 Ng4 26. Ra6 Nxe3 27.
Rxa2 Nxg2 28. Kxg2 Kg7 29. Ra4 Rb8 30. Rg4+ Kf6 31. Rf4+ Kg6 32. Kh3 Rb2 33. Kg4
Ra2 34. Kf3 Ra3+ 35. Kg2 Ra2 36. Rb4 Rc2 37. Rb6+ Kg7 38. g4 Rc3 39. g5 Rc4 40.
Kg3 Rc3+ 41. f3 Rc1 42. h4 Rg1+ 43. Kh2 Ra1 44. h5 Ra8 45. Kg3 Re8 46. Kg4 Ra8
47. f4 Rc8 48. Rb7 1-0

[Event "FIDE World Bl Team Pool C"]
[Site "London ENG"]
[Date "2025.06.14"]
[Round "5.3"]
[White "Florstedt, Johannes"]
[Black "Cuenca Jimenez, Jose Fernando"]
[Result "1/2-1/2"]
[WhiteTitle "FM"]
[BlackTitle "GM"]
[WhiteElo "2391"]
[BlackElo "2487"]
[WhiteTeam "Berlin Chess Federation"]
[BlackTeam "Duobeniajan Costa Calida ESJ"]
[WhiteFideId "12922293"]
[BlackFideId "2255570"]
[EventDate "2025.06.14"]
[EventType "team"]

1. e4 c5 2. Nf3 Nc6 3. Nc3 e5 4. Bc4 g6 5. d3 h6 6. h4 d6 7. h5 g5 8. Nd2 Nf6 9.
Nd5 Be6 10. Qf3 Bxd5 11. exd5 Nd4 12. Qd1 b5 13. c3 bxc4 14. cxd4 cxd3 15. dxc5
dxc5 16. Qf3 Nxd5 17. Nc4 Bg7 18. Qxd3 O-O 19. O-O Nb6 20. Nd6 Qd7 21. Be3 e4
22. Qd2 Qc6 23. Nf5 Rfe8 24. Rac1 Bf8 25. g4 Rad8 26. Qc3 Nd5 27. Qc4 Nxe3 28.
fxe3 Qe6 29. Qc3 Rd3 30. Qc2 Red8 31. Rcd1 Qd5 32. Rc1 Rd2 33. Qc3 Qd3 34. Qe5
Qe2 35. Qg3 Rxb2 36. Rce1 Qd2 37. Rc1 Rxa2 38. Rb1 Rb2 39. Ra1 Ra2 40. Rab1 Rc2
41. Rb7 Rc1 42. Qg2 Qxg2+ 43. Kxg2 Rd2+ 44. Rf2 Rcc2 45. Rxd2 Rxd2+ 46. Kf1 Rd8
47. Rxa7 Rc8 48. Ke2 c4 49. Kd2 c3+ 50. Kc2 Rc6 51. Ra8 Re6 52. Kxc3 f6 53. Kc4
Kf7 54. Ra7+ Ke8 55. Rh7 Ra6 56. Kd5 Ra5+ 57. Kxe4 Re5+ 58. Kf3 Ra5 59. Rb7 Ra1
60. Rh7 Rf1+ 61. Ke4 Rg1 62. Kd5 Rxg4 63. e4 Rf4 64. Ra7 g4 65. Ke6 Rxe4+ 66.
Kxf6 Bc5 67. Ng7+ Kd8 68. Ra5 Bd4+ 69. Kg6 Bxg7 70. Kxg7 Re6 71. Ra4 g3 72. Rg4
Ke7 73. Rxg3 Ra6 74. Rg6 Ra5 75. Kxh6 Kf7 76. Rg7+ Kf8 77. Rg6 Kf7 78. Rg1 Rb5
79. Rg2 Ra5 80. Rg3 Rb5 81. Rg4 Ra5 82. Rg6 Rb5 83. Ra6 Rc5 84. Ra7+ Kg8 85.
Ra8+ Kf7 86. Ra7+ Kg8 1/2-1/2

[Event "FIDE World Bl Team Pool C"]
[Site "London ENG"]
[Date "2025.06.14"]
[Round "5.4"]
[White "Camacho Collados, Marcos"]
[Black "Schulze, Lara"]
[Result "1/2-1/2"]
[WhiteTitle "IM"]
[BlackTitle "FM"]
[WhiteElo "2462"]
[BlackElo "2317"]
[WhiteTeam "Duobeniajan Costa Calida ESJ"]
[BlackTeam "Berlin Chess Federation"]
[WhiteFideId "2266237"]
[BlackFideId "12956830"]
[EventDate "2025.06.14"]
[EventType "team"]

1. d4 Nf6 2. Nf3 d5 3. c3 e6 4. Bg5 h6 5. Bh4 c5 6. Nbd2 Nbd7 7. e3 Bd6 8. dxc5
Nxc5 9. Bb5+ Bd7 10. Bxd7+ Ncxd7 11. O-O O-O 12. Qe2 Qb6 13. Rab1 Rac8 14. Rfd1
Bb8 15. e4 Qc6 16. e5 Nh7 17. Nd4 Qa4 18. f4 Rfe8 19. a3 Nhf8 20. Bf2 Qa6 21.
Qf3 Nc5 22. b4 Ncd7 23. Ra1 Nb6 24. a4 Nc4 25. b5 Qa5 26. N2b3 Qc7 27. Re1 b6
28. Bg3 Qd7 29. Rad1 Nb2 30. Rd2 Nxa4 31. Re3 Nc5 32. f5 exf5 33. Nxc5 bxc5 34.
Nxf5 Ng6 35. Rxd5 Qxb5 36. h4 Qb1+ 37. Kh2 Qb3 38. h5 Ne7 39. Nxe7+ Rxe7 40. Bf4
Qc4 41. Rd1 Rce8 42. Rde1 Qe6 43. Rf1 Bc7 44. Qg3 Kh7 45. Ref3 a5 46. Qe1 a4 47.
Qe4+ Kg8 48. Qxa4 Qf5 49. Rh3 Bxe5 50. Qc4 Bxf4+ 51. Rxf4 Qe5 52. Kh1 Qe1+ 53.
Rf1 Qe5 54. Qg4 Re6 55. Rg3 R6e7 56. Rf5 Qe1+ 57. Kh2 f6 58. Rxf6 Qe5 59. Rxh6
Rf7 60. Rg6 Ree7 61. Rg5 Qe6 62. Rxc5 Qxg4 63. Rxg4 Re3 64. c4 Kh7 65. Rc6 Rf5
66. h6 gxh6 67. Rc7+ Kh8 68. Rd4 Re8 69. Rdd7 Rh5+ 70. Kg1 Rg5 71. Rh7+ Kg8 72.
Rxh6 Re2 73. Rh2 Rc2 74. Rc8+ Kg7 75. Rc7+ Kg6 76. Rc6+ Kg7 77. Rc7+ Kg6 78. Kf1
Rf5+ 79. Ke1 Ra5 80. Rd7 Rxc4 81. Rd6+ Kg7 82. Rd2 Rc1+ 83. Kf2 Rf5+ 84. Ke3
Rc3+ 85. Kd4 Ra3 86. Rb2 Ra4+ 87. Ke3 Re5+ 88. Kd3 Rd5+ 89. Kc3 Rc5+ 90. Kd2
Rd5+ 91. Kc2 Rc5+ 92. Kb1 Rg5 93. Rb7+ Kg6 94. Rhh7 Rag4 95. Rhg7+ Kf6 96. Rbf7+
Ke6 97. Re7+ Kf6 98. Rgf7+ Kg6 99. Rg7+ Kf6 100. Ref7+ Ke6 101. Rxg5 Rxg5 102.
Rf2 Rf5 103. Re2+ Kf6 104. Kc2 Kg5 105. Kd3 Kg4 106. Re8 Ra5 107. Rg8+ Rg5 108.
Rxg5+ Kxg5 109. Ke3 Kg4 110. Kf2 Kf4 111. g3+ Kg4 112. Kg2 Kg5 113. Kf3 Kf5 114.
g4+ Kg5 115. Kg3 Kg6 116. Kf4 Kf6 117. g5+ Kg6 118. Kg4 Kg7 119. Kf5 Kf7 120.
g6+ Kg7 121. Kg5 Kg8 122. Kh6 Kh8 123. g7+ Kg8 124. Kg6 1/2-1/2

[Event "FIDE World Bl Team Pool C"]
[Site "London ENG"]
[Date "2025.06.14"]
[Round "5.5"]
[White "Rath, Alina"]
[Black "Khotenashvili, Bella"]
[Result "0-1"]
[WhiteTitle "CM"]
[BlackTitle "GM"]
[WhiteElo "2019"]
[BlackElo "2418"]
[WhiteTeam "Berlin Chess Federation"]
[BlackTeam "Duobeniajan Costa Calida ESJ"]
[WhiteFideId "24607886"]
[BlackFideId "13602640"]
[EventDate "2025.06.14"]
[EventType "team"]

1. c4 g6 2. Nc3 Bg7 3. g3 c5 4. Bg2 Nc6 5. e4 d6 6. Nge2 h5 7. h4 Nf6 8. d3 a6
9. O-O O-O 10. a4 Ng4 11. Rb1 Rb8 12. Bf4 Bd7 13. Qd2 Nd4 14. b4 b6 15. f3 Ne5
16. Be3 Nxe2+ 17. Nxe2 Nc6 18. b5 axb5 19. axb5 Ne5 20. Rfd1 Ra8 21. Bh6 Ra3 22.
Nc1 Bxh6 23. Qxh6 Qa8 24. Qd2 Qa5 25. Qe2 Ra8 26. Rb2 Ra7 27. Nb3 Qc3 28. Kh2
Rxb3 29. Rxb3 Qxb3 30. f4 Bg4 0-1

[Event "FIDE World Bl Team Pool C"]
[Site "London ENG"]
[Date "2025.06.14"]
[Round "5.6"]
[White "Torres, Lucas"]
[Black "Ziems, Michael"]
[Result "1-0"]
[WhiteElo "1897"]
[BlackElo "1904"]
[WhiteTeam "Duobeniajan Costa Calida ESJ"]
[BlackTeam "Berlin Chess Federation"]
[WhiteFideId "1769464"]
[BlackFideId "24678490"]
[EventDate "2025.06.14"]
[EventType "team"]

1. e4 e6 2. d4 d5 3. Nc3 Nf6 4. Bg5 Be7 5. e5 Nfd7 6. Bxe7 Qxe7 7. Qg4 O-O 8.
Bd3 f5 9. exf6 Nxf6 10. Qh4 c5 11. Bxh7+ Kf7 12. Bd3 cxd4 13. Qxd4 Nc6 14. Qh4
Bd7 15. Nf3 Rh8 16. Qg3 Qb4 17. Qg6+ Kg8 18. O-O-O Rc8 19. h4 Qf4+ 20. Kb1 Nb4
21. Qg5 Nxd3 22. Rxd3 Qxg5 23. Nxg5 Ng4 24. Rd2 Rc4 25. Nf3 b5 26. a3 a5 27. Nd1
b4 28. axb4 axb4 29. Rh3 Bc8 30. Rg3 Nf6 31. b3 Rg4 32. Ne5 Rxg3 33. fxg3 Ne4
34. Rd3 Ba6 35. Re3 Rh5 36. Nd3 Rf5 37. Nf4 Nd2+ 38. Kc1 Nf1 39. Rf3 Nh2 40. Re3
Ng4 41. Rxe6 Bb7 1-0

[Event "FIDE World Bl Team Pool C"]
[Site "London ENG"]
[Date "2025.06.14"]
[Round "5.1"]
[White "Royal, Shreyas"]
[Black "Gan-Erdene, Sugar"]
[Result "1-0"]
[WhiteTitle "GM"]
[BlackTitle "IM"]
[WhiteElo "2492"]
[BlackElo "2454"]
[WhiteTeam "Rookies"]
[BlackTeam "Mongolia-B"]
[WhiteFideId "448869"]
[BlackFideId "4902980"]
[EventDate "2025.06.14"]
[EventType "team"]

1. Nf3 c5 2. c4 Nc6 3. Nc3 g6 4. d4 cxd4 5. Nxd4 Bg7 6. Nc2 Nf6 7. e4 d6 8. Be2
O-O 9. O-O Be6 10. Be3 Rc8 11. Rc1 Qa5 12. f3 Nd7 13. Qd2 Rfe8 14. f4 Nb6 15.
Na3 Na4 16. Nab5 Nxc3 17. Nxc3 f5 18. exf5 gxf5 19. Rfe1 Bf7 20. a3 e5 21. fxe5
dxe5 22. Qc2 Nd4 23. Bxd4 exd4 24. Nb5 Qxb5 25. cxb5 Rxc2 26. Rxc2 d3 27. Rd2
dxe2 28. Rexe2 Rxe2 29. Rxe2 Kf8 30. Rc2 Be5 31. Kf1 Ke7 32. g3 Bb3 33. Rc8 Ba4
34. Ke1 Bxb5 35. Rc5 Bxb2 36. Rxb5 Bxa3 37. Rxb7+ Kf6 38. Rxa7 Bb4+ 39. Ke2 h5
40. Kf3 Bc5 41. Ra6+ Ke5 42. Rh6 Kd5 1-0